Forest management; ការរៀបចំព្រៃឈើ (Record no. 8839)

000 -LEADER
fixed length control field 00245nam a22000977a 4500
040 ## - CATALOGING SOURCE
Transcribing agency SK
082 ## - DEWEY DECIMAL CLASSIFICATION NUMBER
Classification number 634
100 ## - MAIN ENTRY--AUTHOR NAME
Personal name VON MONIN; វន មនិន្ទ
245 ## - TITLE STATEMENT
Title Forest management; ការរៀបចំព្រៃឈើ
942 ## - ADDED ENTRY ELEMENTS (KOHA)
Koha item type ADB
952 ## - LOCATION AND ITEM INFORMATION (KOHA)
Withdrawn status [LOCAL, KOHA] 0
Holdings
Permanent Location Date acquired Koha item type Lost status Shelving location Barcode Current Location Full call number
Library Block C2016-08-16ADB C240RUA042421Library Block C634 VON 1998 C240
មជ្ឈមណ្ឌលឯការនៃសាកលវិទ្យាល័យភូមិន្ទកសិកម្មចំការដូង

Powered by Koha